Global IPv6 strategies : (Record no. 11236)
[ view plain ]
| 000 -LEADER | |
|---|---|
| fixed length control field | 01340cam a2200349 a 4500 |
| 001 - CONTROL NUMBER | |
| control field | 15248090 |
| 005 - DATE AND TIME OF LATEST TRANSACTION | |
| control field | 20161023153519.0 |
| 008 - FIXED-LENGTH DATA ELEMENTS--GENERAL INFORMATION | |
| fixed length control field | 080404s2008 inua b 001 0 eng |
| 010 ## - LIBRARY OF CONGRESS CONTROL NUMBER | |
| LC control number | 2008015715 |
| 015 ## - NATIONAL BIBLIOGRAPHY NUMBER | |
| National bibliography number | GBA854627 |
| Source | bnb |
| 016 7# - NATIONAL BIBLIOGRAPHIC AGENCY CONTROL NUMBER | |
| Record control number | 014584201 |
| Source | Uk |
| 020 ## - INTERNATIONAL STANDARD BOOK NUMBER | |
| International Standard Book Number | 9781587053436 (pbk.) |
| 020 ## - INTERNATIONAL STANDARD BOOK NUMBER | |
| International Standard Book Number | 1587053438 (pbk.) |
| 035 ## - SYSTEM CONTROL NUMBER | |
| System control number | (OCoLC)ocn222160173 |
| 035 ## - SYSTEM CONTROL NUMBER | |
| System control number | (OCoLC)222160173 |
| 040 ## - CATALOGING SOURCE | |
| Original cataloging agency | DLC |
| Transcribing agency | DLC |
| Modifying agency | UKM |
| -- | BAKER |
| -- | C#P |
| -- | BWX |
| -- | YDXCP |
| -- | DLC |
| 050 00 - LIBRARY OF CONGRESS CALL NUMBER | |
| Classification number | TK5105.585 |
| Item number | .G76 2008 |
| 082 00 - DEWEY DECIMAL CLASSIFICATION NUMBER | |
| Classification number | 004.62 |
| Edition number | 22 |
| Item number | GRO |
| 100 1# - MAIN ENTRY--PERSONAL NAME | |
| Personal name | Grossetete, Patrick. |
| 9 (RLIN) | 3396 |
| 245 10 - TITLE STATEMENT | |
| Title | Global IPv6 strategies : |
| Remainder of title | From business analysis to operational planning / |
| Statement of responsibility, etc | Patrick Grossetete, Ciprian Popoviciu, Fred Wettling. |
| 260 ## - PUBLICATION, DISTRIBUTION, ETC. (IMPRINT) | |
| Place of publication, distribution, etc | Indianapolis, Ind. : |
| Name of publisher, distributor, etc | Cisco Press, |
| Date of publication, distribution, etc | c2008. |
| 300 ## - PHYSICAL DESCRIPTION | |
| Extent | xxiv, 431 p. : |
| Other physical details | ill. ; |
| Dimensions | 23 cm. |
| 440 #0 - | |
| -- | Network business series |
| -- | 3397 |
| 504 ## - BIBLIOGRAPHY, ETC. NOTE | |
| Bibliography, etc | Includes bibliographical references and index. |
| 650 #0 - SUBJECT ADDED ENTRY--TOPICAL TERM | |
| Topical term or geographic name as entry element | Computer networks |
| General subdivision | Planning. |
| 9 (RLIN) | 3399 |
| 650 #0 - SUBJECT ADDED ENTRY--TOPICAL TERM | |
| Topical term or geographic name as entry element | Computer networks |
| General subdivision | Management |
| Form subdivision | Case studies. |
| 9 (RLIN) | 3400 |
| 650 #0 - SUBJECT ADDED ENTRY--TOPICAL TERM | |
| 9 (RLIN) | 3398 |
| Topical term or geographic name as entry element | TCP/IP (Computer network protocol) |
| 700 1# - ADDED ENTRY--PERSONAL NAME | |
| Personal name | Popoviciu, Ciprian. |
| 9 (RLIN) | 3401 |
| 700 1# - ADDED ENTRY--PERSONAL NAME | |
| Personal name | Wettling, Fred. |
| 9 (RLIN) | 3402 |
| 942 ## - ADDED ENTRY ELEMENTS (KOHA) | |
| Source of classification or shelving scheme | Dewey Decimal Classification |
| Item type | Book - Borrowing |
| Withdrawn status | Item status | Source of classification or shelving scheme | Damaged status | Not for loan | Vendor | Home library | Current library | Shelving location | Date acquired | Source of acquisition | Cost, normal purchase price | Serial Enumeration / chronology | Total Checkouts | Full call number | Barcode | Date last seen | Koha item type |
|---|---|---|---|---|---|---|---|---|---|---|---|---|---|---|---|---|---|
| Dewey Decimal Classification | Alahram | Central Library | Central Library | Lower Floor | 08/04/2009 | 278.00 | 374 | 004.62 GRO | 000015920 | 15/07/2025 | Book - Borrowing |